Trendy v spotrebiteľskom správaní pri rozhodovaní o nákupe voľnočasových aktivít bakalárska práca

Salvato in:
Dettagli Bibliografici
Autore principale: Ďurkáčová, Patrícia
Ente Autore: Obchodná fakulta EU. Katedra marketingu
Altri autori: Horváth, Martin
Natura: Libro
Lingua:slovacco
Pubblicazione: Bratislava 2018
Tags: Aggiungi Tag
Nessun Tag, puoi essere il primo ad aggiungerne!!

MARC

LEADER 00000nbm a2200000 4500
001 0245157
005 20180815083011.9
041 0 |a slo 
044 |a SK 
245 1 0 |a Trendy v spotrebiteľskom správaní pri rozhodovaní o nákupe voľnočasových aktivít  |b bakalárska práca  |c Patrícia Ďurkáčová ; školiteľ: Martin Horváth 
264 1 |a Bratislava  |c 2018 
300 |a 40 s. 
100 1 |a Ďurkáčová, Patrícia 
700 1 |a Horváth, Martin 
710 2 |a Obchodná fakulta EU. Katedra marketingu